000 00586nam a22001577a 4500
999 _c60773
_d60773
005 20231019172053.0
008 231019s1975 ru ||||| |||| 00| 0 rus d
080 _a902.6 B-93
100 _aВысотская, Т.Н.
_920149
245 _aСкифские городища /
_c Т.Н. Высотская/
264 _aСимферополь :
_b Таврия,
_c1975.
300 _a95 стр.:
_bил.;
_c17 см.
440 _aАрхеологические памятники Крыма
_920150
653 _aსკვითური სიმაგრეები
942 _2udc
_cBK